Animais invertebrados - Statistics

Estatísticas Gerais
  • Esse quiz foi jogado 97 vezes
  • A pontuação média é 24 de 66
Estatísticas das Respostas
# Letra inicial Invertebrados % Correto
1 A Abelha
83%
5 A Aranha
81%
12 B Borboleta
77%
49 M Mosquito/Pernilongo
77%
29 F Formiga
74%
48 M Mosca
70%
6 B Barata
67%
8 B Besouro
65%
32 J Joaninha
62%
65 V Vespa
62%
19 C Centopeia/Lacraia
61%
36 L Lesma
59%
47 M Minhoca
58%
14 C Caracol
55%
26 E Escorpião
55%
40 L Lula
55%
56 P Polvo
55%
16 C Caranguejo/Siri
52%
31 G Grilo
52%
13 C Camarão
48%
15 C Caramujo
48%
34 L Lagarta
48%
3 A-V Água-viva
46%
17 C Carrapato
45%
43 M Mariposa
43%
57 P Pulga
43%
28 E-M Estrela-do-mar
42%
30 G Gafanhoto
42%
37 L Libélula
39%
11 B-P Bicho-pau
36%
24 C Cupim
35%
50 O Ostra
35%
52 P Percevejo
35%
35 L Lagosta
33%
53 P Piolho
32%
21 C Cigarra
30%
42 M Marimbondo
30%
39 L-D Louva-a-Deus
28%
38 L Lombriga
26%
2 A Ácaro
25%
4 A Anêmona
25%
27 E Esponja
25%
64 V Vagalume
23%
51 O-M Ouriço-do-mar
22%
62 T Tênia
22%
60 T Taturana
20%
7 B Barbeiro
19%
9 B-S Bicho-da-seda
19%
10 B-F Bicho-folha
19%
63 T Traça
19%
25 E Escaravelho
17%
41 M-F Maria-fedida
17%
54 P-C Piolho-de-cobra
16%
45 M Medusa
13%
58 P Pulgão
13%
44 M Marisco
12%
46 M Mexilhão
12%
59 S Sanguessuga
12%
33 K Krill
9%
55 P Planária
9%
61 T Tatuzinho
9%
20 C Chato
3%
23 C Craca
3%
66 V Vieira
3%
18 C Caruncho
1%
22 C Cochonilha
1%
Nenhum quiz correspondente encontrado
Distribuição das Pontuações
Porcentagem de Pessoas com Cada Pontuação
Percentil de Números Respondidos
Sua Pontuação Histórica
Você não jogou esse quiz